00499nam a2200157 a 450000500170000000800410001702000180005805000260007610000170010224500990011926000470021830000170026544000350028265000120031765000120032920140412111230.0020410s19uu xx 00 eng d a1-85270-024-6 aTR(GS 420.7bF52 1987 aFidge, Louis awriting with monsters and surperspies, age 8-9 /cby Louis Fidge; illustrated by Mark Hackett. aLondon :bOctopus Publishing Group,c1987. a32 p. ; ill. aThe Parent and Child Programme aReading aWriting